000 00782nam a22002057a 4500
999 _c370832
_d370832
008 201130b ||||| |||| 00| 0 eng d
040 _bger
_cDE-2950
_erda
_aDE-2950
041 _ager
100 _aMahlke Lisa:
245 _aNeue Betreiber haben viel vor.
_bFreizeit: Seit Jahren gibt es auf dem Ziegenwerder mal Gastronomie, mal nicht. Yvonne Müller und Andreas Liesener wollen dort nun Familien etwas bieten./
_cMahlke Lisa
264 _c2021
653 _aFrankfurt (Oder)
653 _aFreizeit
653 _aZiegenwerder
773 _dFrankfurt (Oder): Märkisches Verlags- und Druckhaus GmbH & Co KG
_g32. Jahrgang (2021) Nr. 223 vom 24.09.2021, S. 13
_tMärkische Oderzeitung
942 _cA